000 00494nam a22001932 4500
001 0000003379
005 20170406114956.0
008 140611s xx 000 0 eng d
020 _c$
040 _aYour Holding Symbol
_cYour Holding Symbol
100 1 _aLembke,Janet.
245 1 0 _aAeschylus :
_bpersians.
250 _a ed.
260 _aNew york :
_bOxford,
_c1981.
300 _a126 p. ;
_c cm.
504 _aglossary.
650 0 _aliterature.
908 _a140611
999 _c3257
_d3257